| 000 | 00543cam a22001815a 4500 | ||
|---|---|---|---|
| 001 | L156154 | ||
| 008 | 120502s1812 xxk f 000 0 eng d | ||
| 035 | _a(Sirsi) u156154 | ||
| 041 | 0 | _aeng | |
| 100 | 1 |
_aCombe, William _d1742-1823 |
|
| 245 | 0 | 0 |
_aHistory of the Abbey Church of St. Peter's, Westminster _bits antiquities and monuments |
| 260 |
_aLondon _bR. Ackermann _c1812 |
||
| 300 |
_a2 v. _c33 cm. |
||
| 583 | 0 |
_aCondition reviewed _c20120620 _lcondition level 1 and 1 |
|
| 651 | 4 | _aLondon | |
| 690 | _aArt and antiques | ||
| 942 | _n0 | ||
| 999 |
_c114061 _d114061 |
||